| 000 | 00429nam a2200169 i 4500 | ||
|---|---|---|---|
| 001 | 24031 | ||
| 003 | ES-MaACL | ||
| 005 | 20230906152956.0 | ||
| 007 | t| | ||
| 008 | 021213s1972 sp ||||1| spa d | ||
| 100 | 1 |
_aAmo, Javier del. _921274 |
|
| 245 | 1 | 3 |
_aLa espiral / _cJavier del Amo. |
| 250 | _a[1ยช ed.]. | ||
| 260 |
_aBarcelona : _bBarral, _c1972. |
||
| 300 |
_a133 p. ; _c20 cm. |
||
| 852 |
_aES-MaACL _jC-46333 _bR.83580 |
||
| 999 |
_c24031 _d24031 |
||